Osiedla Bydgoszczy (z mapą) - Statystyki

Ogólne statystyki
  • Ten quiz został rozwiązany 727 razy
  • Średni wynik to 22 z 44
Odpowiedzi na mapie
Odpowiedzi zakodowano w zielono-czerwonej skali na mapie do tego quizu, zgodnie z poniższymi procentami.
 
Statystyki odpowiedzi
Dzielnica % Poprawnych
Śródmieście
82%
Bartodzieje Małe
78%
Fordon F2
78%
Szwederowo
77%
Błonie
76%
Glinki
75%
Fordon F1
73%
Wyżyny
73%
Kapuściska
72%
Osowa Góra
71%
Bielawy
63%
Osiedle Leśne
63%
Miedzyń
62%
Myślęcinek
62%
Wilczak
61%
Bocianowo
60%
Czyżkówko
57%
Brdyujście
55%
Górzyskowo
55%
Wzgórze Wolności
55%
Smukala
52%
Zawisza
51%
Piaski
49%
Okole
48%
Babia Wieś
47%
Jary
45%
Las Gdański
43%
Jachcice
40%
Lotnisko
40%
Flisy
39%
Prądy
38%
Skrzetusko
38%
Opławiec
36%
Biedaszkowo
32%
Zimne Wody
32%
Bydgoszcz Wschód
30%
Czersko Polskie
30%
Rynkowo
30%
Siernieczek
24%
Wypaleniska
22%
Lęgnowo I
21%
Lęgnowo II
21%
Bielice
18%
Górny Taras
18%
Nie znaleziono quizów pasujących do podanych kryteriów
Rozkład punktacji
Procent ludzi z każdym wynikiem
Percentyl według liczby udzielonych odpowiedzi
Twoja historia wyników
Nie rozwiązałeś tego quizu